000 00769nam a22002537a 4500
999 _c15282
_d15282
003 MIRAKIL
005 20240206123349.0
008 240206b tu ||||| |||| 00| 0 tur d
020 _a9786258123555
040 _aTR-AnCHP
_cTR-AnCHP
041 _aTürkçe
082 _a199.492
_bS65E 2023
090 _a199.492 S65E 2023
100 _aSpinoza, Benedictuc de
245 1 0 _aEtika /
_cBenedictus de Spinoza ; çeviren : Hilmi Ziya Ülken
250 _a13. bs.
260 _aAnkara
_bDoğu Batı
_c2023
300 _a410 s.
_c21 cm.
490 0 _aDoğu Batı Yayınları :
_v397
490 0 _aFelsefe :
_v112
650 0 _934
_aFelsefe
_zHollanda
856 _zDijital Nüshası için Partimizin Kütüphane Sorumlusu ile iletişime geçiniz.
942 _2ddc
_cBKS